Album Zvuk Tisine - Aleksandra Prijovic - Statistics

General Stats
  • This quiz has been taken 12 times
  • The average score is 5 of 7
Answer Stats
Hint Song % Correct
1 Zvuk Tisine
86%
3 Ja sam odlicno
71%
2 Sabotiram
71%
7 Svetlo
71%
5 Javno mesto
57%
6 Mars
57%
4 Ogavno
57%
No matching quizzes found
Score Distribution
Percent of People with Each Score
Percentile by Number Answered
Your Score History
You have not taken this quiz